Giáo trình cao học quản trị chiến lược - cập nhật BSC

Nội dung sách bao gồm 6 phần chính, 11 chương, cuối mỗi chương có câu hỏi ôn tập và thảo luận, và có điển cứu để người học thực hành, trai đổi và áp dụng các kiến thức đã học.

Tallennettuna:
Bibliografiset tiedot
Muut tekijät: Hà Nam Khánh Giao (Chủbiên), Nguyễn Thị Hải Hằng, Nguyễn Ngọc Duy Phương
Aineistotyyppi: Kirja
Kieli:Vietnamese
Julkaistu: H. Tài chính 2020
Aiheet:
Tagit: Lisää tagi
Ei tageja, Lisää ensimmäinen tagi!
Thư viện lưu trữ: Thư viện Trường Đại học Nam Cần Thơ
LEADER 01405nam a22002297a 4500
001 NCT_89677
008 210507b xxu||||| |||| 00| 0 vie d
999 |c 4422  |d 4422 
020 |a 9786047923724  |c 270000 
082 |2 23rd ed.  |a 658.4012  |b Gi108 
245 0 0 |a Giáo trình cao học quản trị chiến lược - cập nhật BSC  |c Hà Nam Khánh Giao (chủ biên); Nguyễn Thị Hải Hằng, Nguyễn Ngọc Duy Phương,... 
260 |a H.  |b Tài chính  |c 2020 
300 |a 783 tr.  |b minh họa  |c 24cm 
520 3 |a Nội dung sách bao gồm 6 phần chính, 11 chương, cuối mỗi chương có câu hỏi ôn tập và thảo luận, và có điển cứu để người học thực hành, trai đổi và áp dụng các kiến thức đã học.  
653 |a Quản trị kinh doanh 
700 1 |a Hà Nam Khánh Giao  |e Chủbiên 
700 1 |a Nguyễn Thị Hải Hằng 
700 1 |a Nguyễn Ngọc Duy Phương 
942 |2 ddc  |c BK 
952 |0 0  |1 0  |2 ddc  |4 0  |6 658_401200000000000_GI108  |7 0  |9 21219  |a 000001  |b 000001  |d 2021-05-07  |o 658.4012 Gi108  |p MD.18429  |r 2021-05-07  |v 270000.00  |w 2021-05-07  |y BK 
952 |0 0  |1 0  |2 ddc  |4 0  |6 658_401200000000000_GI108  |7 0  |9 21220  |a 000001  |b 000001  |d 2021-05-07  |o 658.4012 Gi108  |p MD.18439  |r 2021-05-07  |v 270000.00  |w 2021-05-07  |y BK 
980 |a Thư viện Trường Đại học Nam Cần Thơ